K formovaniu trhu potravín na Slovensku.

Faktory vývoja spotreby potravín na Slovensku. Spotrebiteľské ceny potravinárskych tovarov a disponibilné príjmy obyvateľstva ako determinanty dopytu po potravinách. Vývoj štruktúry trhu potravín. Zabezpečenie legislatívneho a inštitucionálneho zázemia fungovania trhu potravín.

Gespeichert in:
Bibliographische Detailangaben
1. Verfasser: Kárász, Pavol
Format: Buchkapitel
Sprache:Slowakisch
Schlagworte:
Tags: Tag hinzufügen
Keine Tags, Fügen Sie das erste Tag hinzu!

MARC

LEADER 00000naa a2200000 4500
001 r013078
005 20221129133912.9
041 0 |a slo 
044 |a CZ 
245 1 0 |a K formovaniu trhu potravín na Slovensku.  |c P. Kárász 
520 |a Faktory vývoja spotreby potravín na Slovensku. Spotrebiteľské ceny potravinárskych tovarov a disponibilné príjmy obyvateľstva ako determinanty dopytu po potravinách. Vývoj štruktúry trhu potravín. Zabezpečenie legislatívneho a inštitucionálneho zázemia fungovania trhu potravín. 
610 2 0 |a spotreba potravín 
610 2 0 |a trh 
610 2 0 |a Slovensko 
610 2 0 |a ceny maloobchodné 
610 2 0 |a dopyt 
610 2 0 |a legislatíva 
610 2 0 |a indexy cenové 
610 2 0 |a údaje štatistické 
610 2 0 |a potraviny 
610 2 0 |a príjmy obyvateľstva 
610 2 0 |a výdavky obyvateľstva 
100 1 |a Kárász, Pavol